000 00711cam a2200229 4500
001 M1492
008 090401t1994 xxu||||| |||| 00| 0 eng d
035 _a(Sirsi) u32360
041 0 _aeng
050 0 4 _a333.0062 $2 18
090 _aRICS 1994/28A
110 2 _aRoyal Institution of Chartered Surveyors
_bBenevolent Fund
_93408
245 0 0 _aReport of the committee and accounts for the year ended 31 December 1993
260 _aLondon
_bRICS Benevolent Fund
_c1994
300 _a14, 15p.
_c30cm.
350 _a0
490 0 _aRICS Benevolent Fund Financial Statements
651 4 _aInternational
690 _aABOUT RICS-RELATED ORGANISATIONA-RICS BENEVOLENT FUND
942 _n0
948 _c04/03/1997
999 _c89726
_d89726